000 00421nam a2200181Ia 4500
001 22279
005 20260414150820.0
008 260414t2012||||xx |||||||||||||| ||spa||
041 _aESP
082 _a621.3
_bH28
100 _aHayt, William H.
_eAUT
245 0 _aTeoría electromagnética
_b
260 _c2012
300 _a507 páginas :
_c27 cm.
650 _aTCA
654 _aCET
942 _cLIB
_dJUS
_fJUS
_2ddc
_n
999 _c22279
_d22279